000 00620nam a2200241Ia 4500
003 OSt
005 20221005122635.0
006 a|||||r|||| 00| 0
007 ta
008 221004b |||||||| |||| 00| 0 tam d
024 _a53924
037 _cTextual
040 _aCRL
_cCRL
_btam
041 _2tam
_atam
082 _aO31,1A,12, 32F2
100 _aMenon Kunzhi Rama Au.
_9632331
245 0 _aKambarude ramayanam
260 _c1922
650 _a TAMIL POETRY
650 _aTAMIL LITERATURE
942 _hO31,1A,12, 32F2
_cTEXL
_2cc
999 _c1044918
_d1044918